000 00577nam a2200229Ia 4500
003 OSt
005 20221005124529.0
006 a|||||r|||| 00| 0
007 ta
008 221004b |||||||| |||| 00| 0 mal d
024 _a53184
037 _cTextual
040 _aCRL
_cCRL
_bmal
041 _2mal
_amal
082 _aNS212:g, 32L6
100 _aKaimal Aymanam Krishna
245 0 _aNalacharitha sandesam
260 _c1976
650 _aDANCE
_936226
942 _hNS212:g, 32L6
_cTEXL
_2cc
999 _c1050765
_d1050765